Cuánto sabes sobre fútbol - Estadísticas

Estadísticas generales
  • Esta prueba ha sido intentada 1.344 veces
  • La puntuación promedio es 9 de 16
Estadísticas de respuestas
Pregunta Respuesta % Correcto
¿En cuántos clubes jugó Cristiano Ronaldo profesionalmente? 4 Clubes
94%
¿Cuál es la selección con más balones de oro actualmente? Argentina
90%
¿Cuándo y dónde se celebró el primer mundial de fútbol Uruguay 1930
86%
¿Cuál de estas selecciones no ganó nunca el mundial de fútbol? Todas son correctas
71%
¿Cuál es considerada por el ranking Fifa la peor selección del mundo? San Marino
66%
¿En que año nació Lionel Andrés Messi? 24 de Junio de 1987
59%
¿Quién es para muchos el mejor pateador de tiros libres de la historia? Juninho Pernambucano
59%
¿De quién es la cancha conocida como "El parque de los príncipes" Paris Saint Germain
59%
¿Cuántos goles tiene Lionel Messi en el FC Barcelona? 672 Goles
53%
¿Cuál o cuales son las selecciones con más copas América? Argentina y Uruguay
52%
¿Quién fue el primer club en ganar la Conmebol Libertadores? Peñarol
50%
¿Quién de estos futbolistas tiene mayor cantidad de goles? Luis Suárez
47%
¿En qué año ganó Italia su primer copa del mundo? 1934
39%
¿Quién fue para muchos el peor fichaje de la historia de la Premier League? Andrey Shevchenko (Chelsea)
14%
¿Cuántas ligas tienen el FC Barcelona y el Real Madrid? 60 Ligas
10%
¿Qué país está en el puesto N°1 del Ranking Fifa Bélgica
9%
No se encontraron pruebas coincidentes
Distribución de puntuación
Porcentaje de gente con cada puntuación
Porcentaje por número respondido
Historial de tus puntuaciones
No has intentado esta prueba.